000 00603nam a22001337a 4500
040 _cRUA
082 _aAVM PHO 2013 B105 Or.1
100 _aPHON, KIMHAN.
245 _aStusy on HERPES of hunted primates in the northeast of cambodia, សិក្សា ​ HERPES ទៅលើពានរពីអ្នកបបាញ់នៅភូមិភាគ៌ឥត្ឍសាន នៃប្រទេសកម្ពុជា.
260 _aphnom phen
_bRUA
_c2013
300 _aIX,38p.
_bill.
_c29cm.
856 _uhttps://drive.google.com/file/d/1Lm-hYrT4-kY1rPCQnqmnthSWblLHuWMB/view?usp=sharing
942 _cAVM
999 _c2615
_d2615